| 000 | 00708nam a2200205 a 4500 | ||
|---|---|---|---|
| 003 | MX-MxUPN | ||
| 005 | 20260326064048.0 | ||
| 007 | ta | ||
| 008 | 260325r1981 mx| ||||| ||| 000 0 spa d | ||
| 040 |
_aMX-MxUPN _bspa _eaarc2 |
||
| 050 | 1 | 4 | _aF HD6477 M6 3 |
| 100 | 1 |
_aLópez Portillo, José _928985 |
|
| 245 | 1 | 0 | _aSindicalismo |
| 260 |
_aMéxico : _bSPP, _c1981 |
||
| 300 | _a34 páginas | ||
| 490 |
_aSerie Cuadernos de filosofía política ; _v50 |
||
| 500 | _aLa serie Cuadernos de Filosofía Política reúne las más importantes declaraciones del Lic. José López Portillo en torno a temas específicos de la problemática nacional. | ||
| 650 | 4 |
_aSindicalismo _zMéxico _921411 |
|
| 942 |
_2lcc _cFOLL |
||
| 999 |
_c214879 _d214879 |
||